Takmer dokonalý muž (Record no. 22023)
[ view plain ]
| 000 -LEADER | |
|---|---|
| fixed length control field | 01662cam a2200517 a 4500 |
| 001 - CONTROL NUMBER | |
| control field | 22023 |
| 003 - CONTROL NUMBER IDENTIFIER | |
| control field | VRT |
| 005 - DATE AND TIME OF LATEST TRANSACTION | |
| control field | 20260317162803.0 |
| 008 - FIXED-LENGTH DATA ELEMENTS--GENERAL INFORMATION | |
| fixed length control field | 240318s2015 xo g 000 f slo |
| 015 ## - NATIONAL BIBLIOGRAPHY NUMBER | |
| National bibliography number | SNBA2015/11 |
| 020 ## - INTERNATIONAL STANDARD BOOK NUMBER | |
| International Standard Book Number | 9788081144851 |
| Qualifying information | (brož.) |
| 035 ## - SYSTEM CONTROL NUMBER | |
| System control number | E194DD61-1B70-4FB9-B5BD-DF26724223D7 |
| 035 ## - SYSTEM CONTROL NUMBER | |
| System control number | urn:nbn:sk:snk-amldih |
| 035 ## - SYSTEM CONTROL NUMBER | |
| System control number | urn:nbn:sk:snk-am00904q |
| 039 #9 - LEVEL OF BIBLIOGRAPHIC CONTROL AND CODING DETAIL [OBSOLETE] | |
| Level of rules in bibliographic description | 202403182019 |
| Level of effort used to assign nonsubject heading access points | VLOAD |
| Level of effort used to assign subject headings | 201606101935 |
| Level of effort used to assign classification | VLOAD |
| Level of effort used to assign subject headings | 201604300427 |
| Level of effort used to assign classification | VLOAD |
| Level of effort used to assign subject headings | 201604292214 |
| Level of effort used to assign classification | VLOAD |
| 040 ## - CATALOGING SOURCE | |
| Original cataloging agency | PPPK |
| Language of cataloging | slo |
| Transcribing agency | PPPK |
| Modifying agency | SNK |
| Description conventions | AACR2 |
| 041 0# - LANGUAGE CODE | |
| Language code of text/sound track or separate title | slo |
| 044 ## - COUNTRY OF PUBLISHING/PRODUCING ENTITY CODE | |
| MARC country code | xo |
| ISO country code | SK |
| 072 #7 - SUBJECT CATEGORY CODE | |
| Subject category code | 821.162.4-3 |
| Subject category code subdivision | Slovenská próza |
| Source | konspekt |
| 080 ## - UNIVERSAL DECIMAL CLASSIFICATION NUMBER | |
| Universal Decimal Classification number | 821.162.4-31 |
| Edition identifier | 2001 |
| 100 1# - MAIN ENTRY--PERSONAL NAME | |
| Personal name | Pavelková, Kristína, |
| Dates associated with a name | 1985- |
| Relationship | aut |
| 245 10 - TITLE STATEMENT | |
| Title | Takmer dokonalý muž |
| Statement of responsibility, etc. | Kristína Pavelková |
| 250 ## - EDITION STATEMENT | |
| Edition statement | 1. vyd. |
| 260 ## - PUBLICATION, DISTRIBUTION, ETC. | |
| Place of publication, distribution, etc. | Bratislava |
| Name of publisher, distributor, etc. | Marenčin PT |
| Date of publication, distribution, etc. | 2015 |
| 300 ## - PHYSICAL DESCRIPTION | |
| Extent | 254 s. |
| Dimensions | 17 cm |
| 655 #7 - INDEX TERM--GENRE/FORM | |
| Genre/form data or focus term | slovenské romány |
| Source of term | SNKPH |
| 655 #7 - INDEX TERM--GENRE/FORM | |
| Genre/form data or focus term | Slovak fiction |
| Source of term | SNKPHeng |
| 910 ## - USER-OPTION DATA (OCLC) | |
| User-option data | pppk |
| 910 ## - USER-OPTION DATA (OCLC) | |
| User-option data | sllk |
| 910 ## - USER-OPTION DATA (OCLC) | |
| User-option data | pokpoh |
| 910 ## - USER-OPTION DATA (OCLC) | |
| User-option data | ttkjf |
| 910 ## - USER-OPTION DATA (OCLC) | |
| User-option data | hevk |
| 910 ## - USER-OPTION DATA (OCLC) | |
| User-option data | skpk |
| 910 ## - USER-OPTION DATA (OCLC) | |
| User-option data | vthk |
| 910 ## - USER-OPTION DATA (OCLC) | |
| User-option data | totk |
| 910 ## - USER-OPTION DATA (OCLC) | |
| User-option data | snk |
| 942 ## - ADDED ENTRY ELEMENTS (KOHA) | |
| Source of classification or shelving scheme | Dewey Decimal Classification |
| Koha item type | Krásna literatúra pre dospelých |
| Suppress in OPAC | No |
| 949 ## - LOCAL PROCESSING INFORMATION (OCLC) | |
| 6 | 270001000510449 |
| a | svkbbA 145695 |
| b | svkbbm 756051 |
| 949 ## - LOCAL PROCESSING INFORMATION (OCLC) | |
| 6 | 270001000522122 |
| a | svkbbA 145695-a |
| b | svkbbm 757787 |
| 949 ## - LOCAL PROCESSING INFORMATION (OCLC) | |
| 6 | 17A1174249 |
| a | snkSD 84709 |
| b | snk2015/30582 |
| o | 2312/15 |
| s | 6100:20160201 |
| 949 ## - LOCAL PROCESSING INFORMATION (OCLC) | |
| 6 | 273K0591423 |
| a | svkpoA 226711 |
| b | svkpo589740 |
| 949 ## - LOCAL PROCESSING INFORMATION (OCLC) | |
| 6 | 2889308775 |
| a | savukPV 21593 |
| b | savuk2015/4622 |
| 949 ## - LOCAL PROCESSING INFORMATION (OCLC) | |
| 6 | 17A1179955 |
| a | snkSD 84709 D1 |
| b | snk2016/3301 |
| o | 2312/2015 |
| 949 ## - LOCAL PROCESSING INFORMATION (OCLC) | |
| a | snklmDK 7139 SNKLM |
| b | snklm2015/74 |
| Stav vyradenia | Strata | Poškodenie | Spôsob nadobudnutia | Domovská knižnica | Aktuálna knižnica | Dátum nadobudnutia | Total checkouts | Čiarový kód exemplára | Date last seen | Typ exemplára |
|---|---|---|---|---|---|---|---|---|---|---|
| Dar | Obecná knižnica Horná Štubňa | Obecná knižnica Horná Štubňa | 17.03.2026 | 9788081144851 | 17.03.2026 | Krásna literatúra pre dospelých |
